UM Logo

The arts and family business : (Record no. 16178)

MARC details
000 -LEADER
fixed length control field 00803nam a2200181 4500
005 - DATE AND TIME OF LATEST TRANSACTION
control field 20260330190633.0
008 - FIXED-LENGTH DATA ELEMENTS--GENERAL INFORMATION
fixed length control field 210604b ||||| |||| 00| 0 eng d
022 ## - INTERNATIONAL STANDARD SERIAL NUMBER
International Standard Serial Number 10422587
082 ## - DEWEY DECIMAL CLASSIFICATION NUMBER
Classification number DPer 658.405 En86 September-November 2015 v. 39 n. 5
100 ## - MAIN ENTRY--PERSONAL NAME
Personal name Le Breton-Miller, Isabelle.
9 (RLIN) 43325
245 ## - TITLE STATEMENT
Title The arts and family business :
Remainder of title linking family business resources and performance to industry characteristics /
Statement of responsibility, etc. Isabelle Le Breton-Miller and Danny Miller.
260 ## - PUBLICATION, DISTRIBUTION, ETC. (IMPRINT)
Place of publication, distribution, etc. Hoboken, NJ ;
Name of publisher, distributor, etc. Wiley Subscription Services, Inc. ,
Date of publication, distribution, etc. November 2015.
300 ## - PHYSICAL DESCRIPTION
Extent Volume 39, pages 1349-1370 ;
Dimensions 25 cm.
500 ## - GENERAL NOTE
General note Entrepreneurship Theory and Practice, vol. 39, no. 5, pages 1349-1370, November 2025.
650 ## - SUBJECT ADDED ENTRY--TOPICAL TERM
Topical term or geographic name as entry element Family
General subdivision Business.
9 (RLIN) 43290
700 ## - ADDED ENTRY--PERSONAL NAME
Personal name Miller, D.
Relator term Author.
9 (RLIN) 43326
942 ## - ADDED ENTRY ELEMENTS (KOHA)
Source of classification or shelving scheme Dewey Decimal Classification
Koha item type Periodicals
Holdings
Withdrawn status Lost status Source of classification or shelving scheme Damaged status Not for loan Collection code Home library Current library Date acquired Total Checkouts Full call number Date last seen Price effective from Koha item type Public note
    Dewey Decimal Classification     Periodicals UM Digos College - LIC UM Digos College - LIC 06/04/2021   DPer 658.405 En86 September-November 2015 v. 39 n. 5 06/04/2021 06/04/2021 Periodicals Periodical article
    Dewey Decimal Classification       UM Digos College - LIC UM Digos College - LIC 03/30/2026   DPer 658.405 En86 September-November 2015 v. 39 n. 5 03/30/2026 03/30/2026 Periodicals